|
|
|
|
| LEADER |
00000nam a2200000 4500 |
| 001 |
vtls012254900 |
| 003 |
SK-MaSNL |
| 005 |
20260301035910.0 |
| 008 |
240418s2024 xo o a 000 0 slo |
| 015 |
|
|
|a SNBA2024/05
|
| 020 |
|
|
|a 9788056712931
|q (viazané)
|
| 040 |
|
|
|a SNK
|b slo
|c SNK
|e rda
|
| 041 |
1 |
|
|a slo
|h ger
|
| 044 |
|
|
|a xo
|c SK
|
| 072 |
|
7 |
|a 59
|x Zoológia
|2 konspekt
|
| 072 |
|
7 |
|a 0/9-053.2
|x Literatúra pre deti a mládež (náučná)
|2 konspekt
|
| 080 |
|
|
|a 598.2
|2 2011
|
| 080 |
|
|
|a 591.582
|2 2011
|
| 080 |
|
|
|a (084.11)
|2 2011
|
| 080 |
|
|
|a (086.7)
|2 2011
|
| 080 |
|
|
|a (0.053.2)
|2 2011
|
| 130 |
0 |
|
|a Mein großes Buch der Vogelstimmen
|l Slovensky
|9 339116
|
| 245 |
1 |
0 |
|a Moja veľká kniha
|p Zvuky vtákov
|c preklad a redakcia Jitka Madarásová
|
| 246 |
3 |
0 |
|a Zvuky vtákov
|
| 250 |
|
|
|a Prvé slovenské vydanie
|
| 264 |
|
1 |
|a Bratislava
|b Svojtka & Co.
|c 2024
|
| 300 |
|
|
|a 14 nečíslovaných strán
|b farebné fotografie
|c 28 cm
|
| 336 |
|
|
|a text
|b txt
|2 rdacontent
|
| 336 |
|
|
|a statický obraz
|b sti
|2 rdacontent
|
| 337 |
|
|
|a bez média
|b n
|2 rdamedia
|
| 338 |
|
|
|a zväzok
|b nc
|2 rdacarrier
|
| 338 |
|
|
|a iný
|b nz
|2 rdacarrier
|
| 500 |
|
|
|a Preložené z nemeckého vydania
|
| 500 |
|
|
|a Názov z obálky
|
| 500 |
|
|
|a Listy so zvukovými tlačidlami a zvukovým modulom na zadnom prídoští
|
| 521 |
8 |
|
|a Pre deti od 2 rokov
|
| 650 |
0 |
7 |
|a vtáky
|2 SNKPH
|9 2762
|
| 650 |
0 |
7 |
|a hlasová komunikácia živočíchov
|2 SNKPH
|9 237907
|
| 650 |
0 |
7 |
|a Birds
|2 SNKPHeng
|9 265512
|
| 650 |
0 |
7 |
|a Acoustic communication of animals
|2 SNKPHeng
|9 313657
|
| 655 |
|
7 |
|a obrazové publikácie
|2 SNKPH
|9 70343
|
| 655 |
|
7 |
|a knihy so zvukmi
|2 SNKPH
|9 302428
|
| 655 |
|
7 |
|a publikácie pre deti
|2 SNKPH
|9 70148
|
| 655 |
|
7 |
|a Pictorial works
|2 SNKPHeng
|9 284468
|
| 655 |
|
7 |
|a Play and sound books
|2 SNKPHeng
|9 302429
|
| 655 |
|
7 |
|a Publications for children
|2 SNKPHeng
|9 276792
|
| 700 |
1 |
|
|a Madarásová, Jitka
|4 trl
|4 red
|9 207448
|
| 787 |
0 |
8 |
|i Zo série:
|t Moja veľká kniha
|
| 852 |
|
|
|a Slovenská národná knižnica
|
| 919 |
|
|
|a 978-80-567-1293-1
|
| 954 |
|
|
|a ilustrované knihy, leporelá, komiksy cudzojazyčné (svetové)
|2 lita
|
| 958 |
|
|
|a DB
|
| 968 |
|
|
|b DT
|
| 999 |
|
|
|c 585113
|d 587043
|
| 952 |
|
|
|a SNK
|b SNK
|y PREZ
|7 0
|p 17A1543420
|o snkOSB 21330
|i snk2024/6144
|8 0
|0 0
|1 0
|4 0
|d 2024-04-18
|l 0
|r 2026-02-23 15:05:43
|w 2026-02-23
|
| 952 |
|
|
|a SNK
|b SNK
|y PREZ
|7 0
|p 17A1543421
|o snkOSB 21330 D1
|i snk2024/6145
|8 0
|0 0
|1 0
|4 0
|d 2024-04-18
|l 0
|r 2026-02-23 15:05:43
|w 2026-02-23
|